000 01549nam0a2200349 4500
001 RU\NLR\BIBL_A\022472745
005 20250430105043.0
010 _a978-5-6051602-4-3
_9100
021 _aRU
_bКН-П-24-081423
_9КН-П-24-8124
035 _a(NLR Aleph) 022472745
090 _a13370680
_c13370680
100 _a20250227d2024 u y0rusy50 ca
101 0 _arus
102 _aRU
105 _ay j 000zy
181 0 _ai4
_baxxe
182 0 _an
200 1 _aПрактикум по административной юрисдикции органов внутренних дел
_eучебное пособие
_fКоролева Е.Г., Евсеева И.А.
203 _aТекст
_bвизуальный
_cнепосредственный
205 _a2-е изд., перераб. и доп.
210 _aМосква
_cКолупаева Е. В.
_d2024
215 _a79 с.
_d21
320 _aБиблиогр.: с. 52-55 (32 назв.)
606 1 _aОрганы внутренних дел
_jЗадачники
_xАдминистративная юрисдикция
_yРоссийская Федерация
_92077889
_3RU\NLR\AUTH\661253646
686 1 _aХ621.163.01я7
686 1 _aХ621.033.2я7
700 1 _7ca
_8rus
_aКоролева
_bЕ. Г.
_cканд. филол. наук, юрист
_gЕкатерина Геннадьевна
_92651775
_3RU\NLR\AUTH\770279808
701 1 _aЕвсеева
_bИ. А.
942 _cBOOK
980 _aNB